• 首页
  • 本馆介绍
  • 公告通知
  • 最新文献
  • 馆藏检索
  • 电子资源
  • 读者导购
  • 参考咨询
  • 我的图书馆
  • 登录
  • 详细信息显示
  • 放入我的书架
  • 预约/预借图书
  • 作者相关作品
  • 分类相关作品
  • 丛书相关作品
  • 出版社相关作品

书目信息

  • 表格格式
  • 工作单格式
  • 卡片格式
题名:
华乐大典
    
 
作者: 袁静芳 , 李光华 主编 ;中国民族管弦乐学会 编
分册: 下   琵琶卷
出版信息: 上海   上海音乐出版社  2016.06
页数: 462页
开本: 31cm
丛书名:
单 册:
中图分类: J632 , J648.33
科图分类:
主题词: 民族器乐--研究--中国 , 琵琶--器乐曲--作品集--中国--现代
电子资源:
ISBN: 9787552311204
000 01238nam0 2200337 450
001 0120162045183
005 20180927145932.20
010    @a9787552311204@dCNY122.00
010    @a978-7-5523-1117-4@dCNY338.00(全3册)
100    @a20161103d2016 em y0chiy50 ea
101 0  @achi
102    @aCN@b310000
105    @aagk z 000yy
106    @ar
200 1  @a华乐大典@9hua yue da dian@i琵琶卷@i乐曲篇@h下@f中国民族管弦乐学会编
210    @a上海@c上海音乐出版社@d2016.06
215    @a462页@c图,照片@d31cm
300    @a“十二五”国家重点图书出版规划项目 国家出版基金项目
312    @a封面英文共同题名:China music
314    @a主编:袁静芳,李光华
330    @a本书主要内容包括《满江红》、《歌舞引》、《改进操》、《大浪淘沙》、《狼烟山五壮士》、《昭君出塞》、《浏阳河》、《欢乐的日子》、《彝族舞曲》、《赶花会》、《出水莲》等。
333    @a琵琶学习者
606 0  @a民族器乐@x研究@y中国
606 0  @a琵琶@x器乐曲@x作品集@y中国@z现代
690    @aJ632@v5
690    @aJ648.33@v5
701  0 @a袁静芳@9yuan jing fang@4主编
701  0 @a李光华@9li guang hua@4主编
712 02 @a中国民族管弦乐学会@9zhong guo min zu guan xian yue xue hui@4编
801  0 @aCN@b人天书店@c20161103
905    @b1095377-79@dJ632@e141:2@f3
    
    华乐大典.琵琶卷.乐曲篇.下/中国民族管弦乐学会编.-上海:上海音乐出版社,2016.06
    462页:图,照片;31cm
    “十二五”国家重点图书出版规划项目 国家出版基金项目.-使用对象:琵琶学习者
    
    ISBN 9787552311204:CNY122.00
    本书主要内容包括《满江红》、《歌舞引》、《改进操》、《大浪淘沙》、《狼烟山五壮士》、《昭君出塞》、《浏阳河》、《欢乐的日子》、《彝族舞曲》、《赶花会》、《出水莲》等。
●
相关链接 在E读中查询图书 在五车中查询图书 在当当中查询图书 在豆瓣中查询图书


正题名:华乐大典     索取号:J632/141:2         预约/预借

序号 登录号 条形码 馆藏地/架位号 状态 备注
1 1095377   210953770   第一样本阅览室/ [索取号:J632/141:2] 在馆    
2 1095378   210953789   教育系资料室/ [索取号:J632/141:2] 在馆    
3 1095379   210953798   第一借阅区/ [索取号:J632/141:2] 在馆    
唐山师范学院图书馆 欢迎您!
大连网信软件有限公司© 版权所有